000 00623nam a22002297a 4500
003 UA-OsUOA
001 71134
007 ta
008 20101005b un ||||| |||| 00| 0 ukr d
100 _aБесси К.
700 _aФавро О.
090 _a330
_bБ53
942 _cSA
040 _aUA-OsUOA
_brus
_cUA-OsUOA
_dUA-OsUOA
245 _aЭкономика конвенций и институционализм: результаты взаимодействия
300 _aС.26-41
955 _a0
041 _arus
080 _a330
773 0 _w71133
650 7 _a330 Економіка взагалі
_2UDC
999 _c357406
_d357406